Представление документа в формате RUSMARC

ПолеНазваниеЗначение
  Тип записи a
  Библиографический уровень m
001 Контрольный номер SKBR/a5268767-7cf3-4753-a666-c66e234d385d
005 Дата корректировки 20240410121205.2
010 Индекс ISBN __
a ISBN 978-5-17-149851-1
9 Тираж 3000 экз.
b Уточнения в пер.
d Цена 448-80
021 № государственной регистрации __
a Код страны RU
b № документа 2022-58867
035 Другие системные номера __
a Идентификатор записи (RuMoRGB)011196411
035 Другие системные номера __
a Идентификатор записи RU\NLR\BIBL_A\012913424
100 Данные общей обработки __
a Данные общей обработки 20221019d2022 c y0rusy028902 ca
101 Язык документа 1_
a Язык текста rus
c Язык оригинала eng
102 Страна публикации __
a Страна публикации RU
105 Кодированные данные (монография) __
a Кодированные данные (монография) a z 001yy
181 Поле кодированных данных: вид содержания _0
a Код вида содержания (ISBD) i
b Код характеристики содержания (ISBD)
181 Поле кодированных данных: вид содержания _0
a Код вида содержания (ISBD) b
b Код характеристики содержания (ISBD)
182 Поле кодированных данных: тип средства _0
a Код типа средства (ISBD) n
200 Заглавие и сведения об ответственности 1_
a Заглавие Подводный мир
e Сведения, относящиеся к заглавию 100 вопросов и ответов
e Сведения, относящиеся к заглавию для среднего школьного возраста
f Первые сведения об ответственности Джером Мартин, Алекс Фрит, Элис Джеймс [и др.]
g Последующие сведения об ответственности перевод с английского П. М. Волцит
g Последующие сведения об ответственности художники Доминик Байрон [и др.]
203 Вид содержания и тип средства __
a Вид содержания Изображение
a Вид содержания Текст
c Тип средства непосредственные
210 Выходные данные 1_
a Место издания Москва
c Издательство Аванта
c Издательство АСТ
d Дата издания 2022
215 Физическое описание __
a Объем 126, [1] с.
c Иллюстрации/тип воспроизводства цв. ил.
d Формат 24 см
225 Серия 1_
a Серия 100 вопросов и ответов о...
320 Библиография __
a Библиография Предметный указатель: с. 126-[127]
330 Аннотация __
a Аннотация Знаешь ли ты, что вершина Эвереста когда-то была дном океана? А что на спутнике Титане есть моря без воды и пляжи без песка? Или что даже рыбы иногда страдают от морской болезни? Эта увлекательная книга с красочными иллюстрациями содержит удивительные факты и полезную информацию ровно по 100 темам, касающимся подводного мира. Ты узнаешь много нового, о чем точно не читал в учебниках, а благодаря инфографике вся сложная информация усвоится легко и быстро.
333 Примечание о целевом назначении __
a Примечание о целевом назначении 6+. Для детей старше шести лет
606 Тематические рубрики __
2 Код системы nlr_sh
a Основная рубрика Биология
606 Тематические рубрики __
2 Код системы nlr_sh
a Основная рубрика Прикладная биология
610 Ключевые слова 0_
a Ключевые слова детская литература
610 Ключевые слова 0_
a Ключевые слова познавательная литература
610 Ключевые слова 0_
a Ключевые слова развивающая литература
610 Ключевые слова 0_
a Ключевые слова морские животные
610 Ключевые слова 0_
a Ключевые слова морские рыбы
610 Ключевые слова 0_
a Ключевые слова подводный мир
610 Ключевые слова 0_
a Ключевые слова морские растения
610 Ключевые слова 0_
a Ключевые слова рыбы
610 Ключевые слова 0_
a Ключевые слова морское дно
610 Ключевые слова 0_
a Ключевые слова океаны
610 Ключевые слова 0_
a Ключевые слова занимательные факты
610 Ключевые слова 0_
a Ключевые слова занимательная зоология
610 Ключевые слова 0_
a Ключевые слова занимательная ихтиология
686 Индексы других классификаций __
a Классификационный индекс ст28.082
2 Код системы rubbks
701 Альтернативная интеллектуальная ответственность _1
a Фамилия Мартин
b Имя Д.
g Полное личное имя Джером
4 Код отношения 070
701 Альтернативная интеллектуальная ответственность _1
a Фамилия Фрит
b Имя А.
g Полное личное имя Алекс
4 Код отношения 070
701 Альтернативная интеллектуальная ответственность _1
a Фамилия Джеймс
b Имя Э.
g Полное личное имя Элис
4 Код отношения 070
701 Альтернативная интеллектуальная ответственность _1
a Фамилия Кук
b Имя Л.
g Полное личное имя Лэн
4 Код отношения 070
701 Альтернативная интеллектуальная ответственность _1
a Фамилия Лэйси
b Имя М.
g Полное личное имя Минна
4 Код отношения 070
701 Альтернативная интеллектуальная ответственность _1
a Фамилия Коуп
b Имя Л.
g Полное личное имя Лиззи
4 Код отношения 070
702 Вторичная интеллектуальная ответственность _1
a Фамилия Оффли
b Имя Д.
g Полное личное имя Дженни
4 Код отношения 440
702 Вторичная интеллектуальная ответственность _1
a Фамилия Мюррей
b Имя Д. Э.
g Полное личное имя Дейл Эдвин
4 Код отношения 440
702 Вторичная интеллектуальная ответственность _1
a Фамилия Шлиц
b Имя Д.
g Полное личное имя Дэнни
4 Код отношения 440
702 Вторичная интеллектуальная ответственность _1
a Фамилия Байрон
b Имя Д.
g Полное личное имя Доминик
4 Код отношения 440
702 Вторичная интеллектуальная ответственность _1
a Фамилия Китчинг
b Имя Т.
g Полное личное имя Тилли
4 Код отношения 440
702 Вторичная интеллектуальная ответственность _1
a Фамилия Грехова
b Имя Л.
g Полное личное имя Ленка
4 Код отношения 440
702 Вторичная интеллектуальная ответственность _1
a Фамилия Горэм
b Имя С.
g Полное личное имя Сэмюэл
4 Код отношения 440
702 Вторичная интеллектуальная ответственность _1
a Фамилия Волцит
b Имя П. М.
f Даты 1975-
g Полное личное имя Петр Михайлович
4 Код отношения 730
801 Источник записи _0
a Страна RU
b Организация NLR
c Дата составления 20221019
g Правила каталогизации PSBO
801 Источник записи _1
a Страна RU
b Организация NLR
c Дата составления 20221019
g Правила каталогизации PSBO
801 Источник записи _2
a Страна RU
b Организация NLR
c Дата составления 20221201
2 Код формата rusmarc
g Правила каталогизации PSBO
852 Данные о местонахождении __
i Авторский знак П 45
j Шифр хранения ст28.082
900 Макрообъекты __
a Макрообъекты Подводный мир. 100 вопросов и ответов. Д. Мартин и др. 2022
901 Тип документа __
a Ответственный ООФиК/Волкова
t Тип документа m
903 Характеристики (МАРС) __
a Дата передачи 20230608
c Наименование библиотеки (МАРС) Муниципальное бюджетное учреждение культуры "Централизованная библиотечная система" г. Сургут (Центральная городская библиотека им. А. С. Пушкина)
969 Тип издания __
a Тип издания научно-популярное издание
a Тип издания издание для детей
990 Данные о заказе (DOS) __
j Количество экземпляров (DOS) 6
t N записи в КСУ для И/У (DOS) 202308